000 00751nam a2200253Ia 4500
003 OSt
005 20220912151135.0
006 a|||||r|||| 00| 0
007 ta
008 220909b |||||||| |||| 00| 0 eng d
024 _a19881
037 _cTextual
040 _aCSL
_beng
_cCSL
041 _aeng
082 _aB239MR, L8
100 _aSally Judith D.
245 0 _aNumbers of generators of ideals in local rings
260 _aNew York
_b Marcel Dekker
_c1978
300 _aviii, 93p.
_ccm.
490 _aLecture notes in pure and applied mathemtics:a program of monographs textbook and lecture notes; 35
650 _aLocal rings
942 _hB239MR, L8
_cTEXL
_2CC
999 _c62163
_d62163